00474cam a2200157Ia 4500020001500000040000800015082002600023100002200049245007600071260005100147300007700198650000900275650000900284650000900293700001400302 a192120608X cAGL a338 TEM 2006 A068 Co.1 aFredenburg, Peter10aSharing rice for peace and prosperity in the Greater Mekong subregion / aHartwell, Vic. :bTemple House Pty Ltd.,c2006 avi, 243 p., [28] p. of plates :bill. (some color), map, ports. ;c21 cm 0aRice 0aRice 0aRice1 aHill, Bob